| 000 | 00562nam a2200217 4500 | ||
|---|---|---|---|
| 001 | 2173417 | ||
| 005 | 20180222082607.0 | ||
| 008 | 731001s1967 enk b 000 0 eng | ||
| 010 | _a 67100781 | ||
| 015 | _aB67-14156 | ||
| 040 |
_aDLC _cDLC _dDLC |
||
| 041 | _aeng | ||
| 080 | _a330.15 ROL | ||
| 082 | 0 | 0 | _a330.15 ROL |
| 100 | 1 | _a52 | |
| 101 | _aECO | ||
| 245 | 1 | 2 |
_aA history of economic thought _c[by] William J. Barber. |
| 504 | _aIncludes bibliographical references. | ||
| 906 |
_a7 _bcbc _corignew _du _encip _f19 _gy-gencatlg |
||
| 942 |
_2ddc _cBK |
||
| 999 |
_c43209 _d43209 |
||